Pozícia Ruskej federácie vo svetovej energetike diplomová práca

Na minha lista:
Detalhes bibliográficos
Autor principal: Takáčová, Katarína
Autor Corporativo: Fakulta medzinárodných vzťahov EU. Katedra medzinárodných ekonomických vzťahov a hospodárskej diplomacie
Outros Autores: Grešš, Martin, 1978-
Formato: Livro
Idioma:eslovaco
Publicado em: Bratislava 2012
Tags: Adicionar Tag
Sem tags, seja o primeiro a adicionar uma tag!

MARC

LEADER 00000nbm a2200000 4500
001 0152298
005 20161109102026.1
041 0 |a slo 
044 |a SK 
245 1 0 |a Pozícia Ruskej federácie vo svetovej energetike  |b diplomová práca  |c Katarína Takáčová ; školiteľ: Martin Grešš 
264 1 |a Bratislava  |c 2012 
300 |a 51 s. 
100 1 |a Takáčová, Katarína 
700 1 |a Grešš, Martin, 1978- 
710 2 |a Fakulta medzinárodných vzťahov EU. Katedra medzinárodných ekonomických vzťahov a hospodárskej diplomacie